|
|
|
|
| LEADER |
01000nta a2200229 i 4500 |
| 001 |
dokt4031 |
| 005 |
20200527085506.0 |
| 008 |
170705s2017 hu om 0|| hun d |
| 024 |
7 |
|
|a 10.14232/phd.4031
|2 doi
|
| 024 |
7 |
|
|a 3294993
|2 mtmt
|
| 040 |
|
|
|a SZTE Doktori Repozitórium
|b hun
|
| 041 |
|
|
|a hun
|
| 100 |
1 |
|
|a Bán Attila
|
| 245 |
1 |
2 |
|a A telemedicina néhány földrajzi vonatkozása Magyarország példáján
|h [elektronikus dokumentum] /
|c Bán Attila
|
| 246 |
1 |
0 |
|a Some geographical aspects of telemedicine in Hungary
|h [elektronikus dokumentum]
|
| 260 |
|
|
|c 2017-11-08
|
| 502 |
|
|
|a Disszertacio
|
| 650 |
|
4 |
|a földtudományok
|
| 700 |
1 |
|
|a Pál Viktor
|e ths
|
| 856 |
4 |
0 |
|u https://doktori.bibl.u-szeged.hu/id/eprint/4031/1/ban_attila_doktori_disszertacio.pdf
|z Dokumentum-elérés
|
| 856 |
4 |
0 |
|u https://doktori.bibl.u-szeged.hu/id/eprint/4031/2/ban_attila_magyar_tezis.pdf
|z Dokumentum-elérés
|
| 856 |
4 |
0 |
|u https://doktori.bibl.u-szeged.hu/id/eprint/4031/3/ban_attila_angol_tezis.pdf
|z Dokumentum-elérés
|